[Event "Match 77__120'/40"]
[Site "Zürich"]
[Date "2024.??.??"]
[Round "40"]
[White "Mephisto Polgar sel. 5"]
[Black "Super Forte C 6 MHz sel. 4"]
[Result "1-0"]
[WhiteElo "1981"]
[BlackElo "2009"]
[Annotator "Utzinger,K"]
[PlyCount "54"]
[EventDate "2024.??.??"]
[SourceVersionDate "2024.04.21"]

{[%evp 0,54,40,35,18,4,18,43,64,60,81,68,68,84,111,61,61,1,17,-23,33,40,120,51,26,26,69,36,93,74,190,203,224,224,374,297,305,338,497,383,421,397,515,525,550,655,655,724,760,795,29979,29980,29981,1233,29987,29988,29989]} 1. d4 Nf6 {Match 120'/40 | Bediener: Rolf Bühler | 40. Partie: Weiss (Mephisto Polgar) gewinnt | Zwischenstand: 21,5-18,5 (53,7% für Mephisto Polgar sel. 5; hypothetisch: 20,0-20,0 (50%) Gleichstand | Buchzüge total: Super Forte C = 395, Mephisto Polgar = 362 | Moderne Benoni Verteidigung, Mikenas Angriff 8.e5: Beide Programme fallen in einer scharfen Variante sträflich früh aus dem Buch. Das behagt insbesondere dem Super Forte C 6 MHz sel. 4 gar nicht, der mit 9...Sg4? bereits in eine verlorene Stellung gerät. Zwei Züge später schaufelt sich das Programm von David Kittinger mit 11...Se5? endgültig das Grab. Nachdem der Mephisto Polgar sel. 5 in der Folge, mit einer Ausnahme, stets gute Gewinnzüge ausführt, habe ich unter CB-Emu die Bewertungen des Programms von Ed Schröder geprüft, die in den ersten paar Zügen allesamt negativ für ihn ausfielen. Erst nach 18.De3 schnellt die Bewertung in vernünftige Höhen mit +1.71. Also ein typisches Beispiel im Computerschach, wo der Sieger über eine längere Phase zwar die richtigen Züge ausführt, ohne jedoch deren Güte zu erkennen. Trotz allem macht diese kurze Gewinnpartie einen gefälligen Eindruck.} 2. c4 c5 3. d5 e6 4. Nc3 exd5 5. cxd5 d6 6. e4 g6 7. f4 Bg7 {***ENDE BUCH***} 8. e5 {Dieser frühe Vorstoss bringt Weiss nichts ein ... sofern sich Schwarz am besten verteidigt. Wer Benoni spielt, muss das wissen, was jedoch beim Super Forte C sel. 4 nicht der Fall ist.} (8. Bb5+ {ist die mit Abstand üblichste Fortsetzung} Nfd7) 8... dxe5 9. fxe5 {***ENDE BUCH***} {[#]} Ng4 $2 $18 {[%mdl 2] Bereits der Verlustzug. Notwendig war 9...Sfd7 mit laut gängiger Theorie erträglichem Spiel.} (9... Nfd7 10. e6 fxe6 11. dxe6 Nf6 $1 (11... Qe7 $6 12. Nd5 Qxe6+ 13. Qe2 $1 Qxe2+ 14. Bxe2 O-O 15. Nc7 Nc6 16. Nxa8 Nb4 17. Bd1 $16) 12. Qxd8+ Kxd8 13. Bf4 Bxe6 14. O-O-O+ Kc8 $11) 10. Bb5+ Kf8 11. Nf3 $6 {Nicht am besten, denn nun könnte Schwarz mit 11...a6 vielleicht noch starken Widerstand leisten. Zumindest für unsere Oldies wäre das eine Herausforderung mit ungewissem Ausgang. Die übermächtigen Engines würden den Sieg für Weiss wohl doch einfahren können.} ({Mit} 11. e6 $1 {hat Weiss eine Gewinnquote von über 90%. Meine Engine gibt dafür eine Bewertung von +- 4.15 aus bzw. einen Erwartungswert von 100%.}) 11... Nxe5 $2 $18 {[%mdl 2] Das hingegen muss als klarer Verlustzug bezeichnet werden, obwohl auch 11...a6 gemäss den Engines keine Rettung mehr verspricht. Dabei werden aber Varianten aufgetischt, die das Können unserer Oldies bei weitem übersteigen.} (11... a6 $142 12. Bg5 f6 13. O-O $5 axb5 14. e6 $18) 12. Be3 $14 {[%mdl 32768] Danach kann Schwarz wieder aufatmen und die Partie ist wieder offen. Mit der kurzen Rochade wäre Weiss auf dem Gewinnpfad gewesen. Bewertung von Mephisto Polgar sel. 5 unter CB-Emu: -0.35 in Erwartung von 12...Db6 13.0-0 Lg4} (12. O-O $1 Bg4 13. Nxe5 $3 {Ein fantastisches Damenopfer.} Bxd1 14. Nxf7 Qh4 15. Bg5 $1 Qd4+ 16. Kh1 Bg4 17. Rae1 Bf5 (17... Nd7 18. Bxd7 Bxd7 19. Nh6+ Bf5 20. Be7+ Ke8 21. Bxc5+ Qe5 22. Rxe5+ Bxe5 23. Re1 Kd7 24. Rxe5 $18) 18. Nd8 Nc6 19. Ne6+ Kg8 20. Nxd4 $18) {[#]} 12... b6 $2 $18 {[%mdl 2] Stürzt wieder in eine verlorene Stellung, statt mit 12...Lg4 auszugleichen. Tadeln darf man den Super Forte C 6 MHz sel. 4 nicht, weil das unmöglich zu erkennen war, sieht doch alles ganz harmlos aus. Desto erstaunlicher, dass der Mephisto Polgar sel. 5 wohl rein zufällig die Parte gewinnen kann.} (12... Bg4 13. O-O Nxf3+ 14. gxf3 Bh3 15. Re1 $14) 13. O-O {Bewertung Mephisto Polgar sel. 5 unter CB-Emu: -0.21 in Erwartung von 13...Lf5 14.d6 Sec6.} Nbd7 14. Bg5 {Bewertung Mephisto Polgar sel. 5 unter CB-Emu: -0.26 in Erwartung von 14...f6 15.Lf4 Sxf3+} f6 15. Bf4 {Auch 15.d6 hätte gewonnen.} Nxf3+ 16. Qxf3 {Bewertung Mephisto Polgar sel. 5 unter CB-Emu: -0.14 in Erwartung von 16...f5 17.Tae1 Ld4+} Bb7 17. Bc6 {Bewertung Mephisto Polgar sel. 5 unter CB-Emu: +0.03 in Erwartung von 17...Dc8 18.Lxb7 Dxb7; das erste Mal eine positive Bewertung. Auf den ersten Blick ist noch immer nichts los, aber man muss die Feinheiten beachten. Dabei spielt die unglückliche Stellung des schwarzen Königs eine wichtige Rolle.} Ba6 (17... Bxc6 18. dxc6 Ne5 19. Bxe5 $18) 18. Qe3 $1 {Bewertung Mephisto Polgar sel. 5 unter CB-Emu: +1.71 in Erwartung von 18...Se5 19.Lxa8} Ne5 {Den Turm auf f1 darf Schwarz nicht schlagen.} (18... Bxf1 19. Bd6+ Kf7 20. Qe6#) 19. Bxa8 {Bewertung Mephisto Polgar sel. 5 unter CB-Emu: +1.71 in Erwartung von 19...Sc4 20.De6 Dxa8} Bxf1 20. Rxf1 {Bewertung Mephisto Polgar sel. 4 unter CB-Emu: +2.85 in Erwartung von 20...Sc4 21.De1 Dxa8} Nc4 21. Qe2 {Bewertung Mephisto Polgar sel. 5 unter CB-Emu: +2.79 in Erwartung von 21...Dxa8 22..d6 Dd8} f5 (21... Nd6 22. Bc6 Nf5 23. d6 h5 (23... Nxd6 24. Bxd6+ Qxd6 25. Qe8#) (23... g5 24. d7 Bh6 25. Be5 Kf7 26. Rxf5 $18)) 22. Qxc4 {Bewertung Mephisto Polgar sel. 5 unter CB-Emu: +3.09} Qxa8 23. Re1 {Bewertung Mephisto Polgar sel. 5 unter CB-Emu: +2.97 in Erwartung von 23...Ld4 24.Kh1 h6} Bd4+ 24. Kh1 Bf6 25. Bh6+ {Bewertung Mephisto Polgar sel. 5 unter CB-Emu: +5.50 in Erwartung von 25...Lg7 26.d6 g5} Bg7 26. d6 {Bewertung Mephisto Polgar sel. 5 unter CB-Emu: +5.50 in Erwartung von 26...g5 Lxg7 Kxg7} (26. Qh4 {wird Matt in 8}) 26... Bxh6 27. Re7 {Bewertung Mephisto Polgar sel. 5 unter CB-Emu: +9,99 in Erwartung von 27...De8 28.Txe8 Kxe8} Qe8 {***AUFGEGEBEN***} 1-0

[Event "Match 77__120'/40"]
[Site "Zürich"]
[Date "2024.??.??"]
[Round "41"]
[White "Super Forte C 6 MHz sel. 4"]
[Black "Mephisto Polgar sel. 5"]
[Result "1/2-1/2"]
[WhiteElo "2009"]
[BlackElo "1981"]
[Annotator "Utzinger,K"]
[PlyCount "57"]
[EventDate "2024.??.??"]
[SourceVersionDate "2024.04.21"]

{[%evp 0,56,23,18,39,46,21,-10,-6,1,-4,-7,10,28,25,19,28,26,31,27,3,1,21,-1,21,21,7,-5,0,1,-5,11,9,-4,10,16,60,61,56,50,56,56,56,-21,-21,-90,-14,0,0,0,0,0,0,0,0,0,0,0,0]} 1. e4 e6 {Match 120'/40 | Bediener: Rolf Bühler | 41. Partie: Remis | Zwischenstand: 22,0-19,0 (53,6% für Mephisto Polgar sel. 5; hypothetisch: 20,5-20,5 (50%) Gleichstand | Buchzüge total: Super Forte C = 406, Mephisto Polgar = 371 | Französische Verteidigung, Tarrasch Variante geschlossen 3...Sf6: Eine in allen Phasen ruhige Partie mit Verbesserungsmöglichkeiten, die nur den allmächtigen Engines zugänglich sind. Kurzum, ein gerechtes Remis.} 2. d4 d5 3. Nd2 Nf6 4. e5 Nfd7 5. Bd3 c5 6. c3 Nc6 7. Ne2 cxd4 8. cxd4 f6 9. exf6 Nxf6 {***ENDE BUCH***} 10. O-O Bd6 11. Nf3 {***ENDE BUCH***} Qc7 12. Nc3 a6 13. Bg5 O-O 14. Rc1 h6 15. Bd2 (15. Bh4 {Mit dem entfesselten Sf6 ist dieses übliche Manöver, um den Läufertausch durch Lh4-g3 zu erzwingen, nicht mehr wo wirkungsvoll, denn Schwarz kann nun} Nh5 {antworten. Trotzdem war diese Fortsetzung sinnvoller als der Rückzug nach d2. Ansonsten kam noch 15.Le3 eher in Frage. Wobei man natürlich 15.Ld2 nicht als Fehler anprangern darf. Die weisse Stellung verträgt das.}) 15... Qb6 $6 {Das passt hier nicht so gut, weshalb die Entwicklung 15...Ld7 den Vorzug verdient.} 16. Na4 {Nun muss die Dame wieder weichen und am besten ginge sie nach c7 oder d8 zurück.} Qa7 {Schwarz will den Druck gegen den Bauern d4 nicht aufgeben, bemerkt aber die Nachteile dieses Zuges nicht.} 17. Bc3 $6 {Verpasst es, mit 17.Le3 etwas Vorteil zu erlangen.} (17. Be3 {hat die Pointe, dass man nach} Bd7 18. Ne5 $16 {antworten kann} Be8 19. Nc5 Bxc5 20. Rxc5 $16 {und Weiss steht besser.}) 17... b5 18. Nc5 b4 {Schwarz kann so einen Bauern erobern.} (18... Bxc5 {gewinnt keinen Bauern} 19. dxc5 {weil} Qxc5 $2 {verlieren würde} 20. Bxf6 {und da die schwarze Dame durch den Turm auf c1 angegriffen ist und wegziehen muss, hat Weiss eine Figur erobert.}) 19. Bd2 {[#]} Nxd4 $6 {Aus Sicht unserer Oldies die natürliche Fortsetzung. Die Engines hingegen bevorzugen 19...Lxc5, weil der Textzug für Weiss leicht vorteilhaft ist. Von dieser Einschätzung kann der Mephisto Polgar sel. 5 nur träumen.} 20. Nxd4 Bxc5 21. Nc6 (21. Be3 {droht Sc6} Bb6 22. Nc6 Qc7 23. Bxb6 Qxb6 24. Ne7+ Kf7 25. Ng6 Re8 26. Ne5+ Kg8 27. Bg6 Re7 28. Rc6 Qd8 29. Qe2 $14 {und Weiss hat trotz eines Bauern weniger die leicht bessere Stellung.}) 21... Qb6 22. Qa4 $6 {Zweifelhaft und sollte zu klarem Vorteil von Schwarz führen.} (22. Ne5 a5 23. Qe2 Nd7 24. Ng4 Ba6 25. Bxh6 $1 e5 26. Be3 Bxd3 27. Qxd3 d4 28. Bd2 $11) 22... Nd7 $6 {Nicht die beste Antwort, so dass Weiss wieder ausgleichen kann.} (22... a5 $1 23. Qb5 Qxb5 24. Bxb5 Bd6 25. f3 Bd7 $17) 23. Be3 (23. Bxb4 Bxb4 24. Qxb4 Qxb4 25. Nxb4 $11 {ist eine andere Ausgleichsvariante}) 23... Kh8 (23... Bxe3 24. Ne7+ Kh8 25. Ng6+ Kg8 26. Ne7+ Kh8 $11) 24. Ne7 {Erzwingt ein Dauerschach} Bxe3 {Alles andere ist schlechter.} 25. Ng6+ Kg8 26. Ne7+ Kh8 (26... Kf7 $2 {verliert} 27. Nxc8 Qd8 (27... Raxc8 $2 28. Qxd7+) 28. fxe3+ Nf6 29. Bxa6 $18) 27. Ng6+ Kg8 28. Ne7+ Kh8 29. Ng6+ {***3x REMIS***} 1/2-1/2

[Event "Match 77__120'/40"]
[Site "Zürich"]
[Date "2024.??.01"]
[Round "42"]
[White "Mephisto Polgar sel. 5"]
[Black "Super Forte C 6 MHz sel. 4"]
[Result "0-1"]
[WhiteElo "1981"]
[BlackElo "2005"]
[Annotator "Utzinger,K"]
[PlyCount "151"]
[EventDate "2024.??.??"]
[SourceVersionDate "2024.04.21"]

{[%evp 0,151,19,38,89,89,79,48,44,33,42,56,56,63,51,36,72,71,67,61,65,53,60,68,62,18,20,35,35,35,34,29,17,4,26,13,31,23,42,37,52,40,63,43,33,31,24,25,2,1,11,4,31,16,26,30,-37,-26,-9,-12,-9,-21,-14,-123,-133,-145,-145,-129,-131,-133,-108,-108,-108,-114,-114,-111,-108,-124,-121,-181,-190,-185,-190,-181,-196,-186,-171,-162,-160,-149,-119,-152,-141,-139,-128,-123,-130,-130,-129,-129,-149,-146,-138,-156,-176,-180,-185,-586,-736,-792,-962,-1162,-1022,-1022,-1022,-792,-1022,-1022,-1022,-1022,-1011,-1022,-1032,-1032,-1032,-1032,-1474,-2076,-2400,-2400,-2436,-2552,-22985,-23187,-2552,-29963,-29966,-29969,-29972,-29975,-1032,-1032,-1032,-29971,-29974,-29975,-29976,-29977,-29978,-29981,-29978,-29979,-29992,-29995]} 1. e4 Nf6 {Match 120'/40 | Bediener: Rolf Bühler | 42. Partie: Schwarz (Super Forte C) gewinnt | Zwischenstand: 22,0-20,0 (52,3% für Mephisto Polgar sel. 5; hypothetisch: 21,5-20,5 (51,1%) für Super Forte C | Buchzüge total: Super Forte C = 413, Mephisto Polgar = 381 | Aljechin Verteidigung, Moderne Variante 4.Sf3 Lg4: Es entwickelt sich eine schwerblütige Partie, in der Weiss (Mephisto Polgar) seine Chancen am Damenflügel nicht ausnützt und gar dem Gegner die Eroberung eines Bauern am besagten Flügel zugestehen muss. Das hätte noch nicht die Entscheidung sein müssen. Aber im schwierigen Endspiel ist es wiederum Weiss, der sich mehr Fehler als sein Gegner leistet. Am Ende kann Schwarz (Super Forte C) in ein Bauernendspiel abwickeln, das er sauber zum Gewinn führt.} 2. e5 Nd5 3. d4 d6 4. Nf3 Bg4 5. Be2 e6 6. O-O Be7 {***ENDE BUCH***} 7. h3 Bh5 8. c4 Nb6 9. Nc3 O-O 10. Be3 {***ENDE BUCH***} N8d7 11. exd6 cxd6 12. Qb3 Rc8 13. Nd2 Bxe2 14. Nxe2 Nf6 15. Rfc1 Qd7 {[#] Beide Parteien haben sich gut entwickelt. Weiss ist mit dem Vorteil der Beherrschung von mehr Raum und grösserer Bewegungsfreiheit für seine Figuren ins Mittelspiel gekommen. Irgendwann sollte nun aber langsam ein Plan ersichtlich sein, wie man die Stellung verstärken könnte. Dazu sind unsere Oldies meistens nicht in der Lage. Sie agieren dann von Zug zu Zug, greifen Dinge an, die leicht zu decken sind, stossen Bauern nach vorne ohne auf schwache Felder zu achten, und so fort.} 16. Bg5 {Auf g5 steht der Läufer keinen Deut besser als auf e3. Mangels erkennbarer Alternativen macht Weiss einfach einen zwecklosen Zug. Dabei gab es durchaus achtbare Fortsetzungen:} (16. a4 {mit dem Ziel, den Raumgewinn am Damenflügel auszudehnen.} Qc7 17. a5 Nbd7 18. Qd3 a6 19. b4 $16 {und Weiss hat seinen Plan verwirklicht und steht klar besser.}) (16. Nc3 {mit ähnlichen Ideen} Qc7 17. Nb5 Qb8 18. a4 Nbd7 19. a5 a6 20. Nc3 $16 {und auch hier hat Weiss spürbare Fortschritte gemacht und seine Stellung verbessert.}) 16... Rfd8 17. Qa3 {Mit Angriff gegen den Bauern auf a7 und Vorbereitung des zweckmässigen Vorstosses b2-b4 sieht nun doch wie ein Plan aus.} Rc6 {Deckt die Drohung Dxa7 ab. Ein starker Schachspieler hätte sich eher überlegt, wie er zu entlastendem Figurentausch kommen könnte. Das war mit 17...Sfd5 möglich.} (17... Nfd5 $5 18. Bxe7 Nxe7 {denn nun kann} 19. Qxa7 {mit} Na4 {beantwortet werden mit der Doppeldrohung ...Ta8 und Damengewinn oder ...Sxb2.} 20. Qa5 Nxb2 $11) 18. b4 Rdc8 (18... Nfd5 {Dieser Entlastungszug war noch immer gut.} 19. Bxe7 Nxe7 20. Qb3 $14) 19. Qd3 $6 {Geht an einem möglichen Vorteil vorbei, wobei die damit verbundene Variante gar nicht dem Geschmack unserer Oldies entspricht.} (19. b5 $1 R6c7 20. Qxa7 Nfd5 21. Bxe7 Ra8 22. Qxa8+ Nxa8 23. Bh4 Ne7 24. Bxe7 Qxe7 25. a4 $16) 19... h6 20. Be3 Qe8 $6 {Um das gegnerische a2-a4 zu verhindern, boten sich die Fortsetzungen 20...T6c7 oder 20...Sa4 an.} 21. b5 {Wie soll der Mephisto Polgar sel. 5 auch erkennen, dass 21.a4 wesentlich besser war?} R6c7 22. Rab1 {Wieder war a2-a4 angesagt, allerdings nur noch mit geringem Vorteil.} Qd7 23. a4 {Damit lässt sich nun nur noch Ausgleich erzielen.} Nxa4 24. Ra1 Nb6 25. Rxa7 Nbd5 26. Nc3 ({Oder} 26. cxd5 Rxc1+ 27. Nxc1 Rxc1+ 28. Nf1 $11) 26... Nxe3 27. Qxe3 d5 28. b6 Rc6 29. Nf3 Rxb6 30. c5 Rb3 31. Nd2 {Weniger genau 31.De2 oder 31.De1.} Bxc5 $1 {Eine starke Riposte.} 32. dxc5 d4 33. c6 Qxc6 34. Qxd4 Rxc3 35. Rxc3 Qxc3 36. Qxc3 Rxc3 37. Rxb7 {Schwarz ist es gelungen, eine Mehrbauern zu erhalten.} Rc1+ 38. Nf1 Ne4 {droht mit ...Sd2 den weissen Springer auf f1 zu erobern.} {[#]} 39. Rd7 $2 {[%mdl 2] Das markiert meine Engine als Verlustzug, was sie bei 39.Tb8+ Kh7 40.Tb2 nicht tut. Der Unterschied liegt darin, dass Weiss nach dem Textzug irgendwann in eine Art Zugzwang gerät. Der weisse König ist an den gefesselten Sf1 gebunden. Und mit f2-f3 kann der Springer nicht angegriffen werden, weil ...Sg3 den gefesselten Springer erobert.} ({Light 32 MPV-avx2:} 39. Rb8+ Kh7 40. Rb2 g5 41. g3 Nc5 42. Kg2 Kg7 43. Rd2 h5 44. Rd4 Rc3 45. Nd2 f5 46. Rd6 Rd3 47. Rc6 Nd7 48. Nf3 Kf6 49. Rc1 g4 50. hxg4 hxg4 51. Ne1 Rd2 52. Kf1 Ne5 53. Ra1 Nf3 54. Ng2 Ng5 55. Re1 Ne4 56. Re2 Rd1+ 57. Re1 Rd4 58. Ne3 Ra4 59. Kg2 Ng5 60. Kf1 Nf3 61. Rc1 Ne5 62. Kg2 Ra2 63. Rc2 Ra1 64. Rd2 Kf7 65. Rd4 Ra2 66. Rd1 Kf6 67. Kf1 Nf3 68. Rc1 Ke7 69. Kg2 Ng5 70. Rc2 {[%eval -75,42] [%wdl 0,800,200]}) ({Light 32 MPV-avx2:} 39. Rd7 f5 40. g3 Ra1 41. h4 Kf8 42. h5 Ra2 43. f3 Nf6 44. Rb7 Nxh5 45. Rb5 g5 46. Rb7 Kg8 47. Rb8+ Kg7 48. Rb7+ Kg6 49. Rb6 Re2 50. Rd6 g4 51. fxg4 fxg4 52. Rd3 Kg5 53. Rd4 Kf5 54. Rd8 Nf6 55. Rd3 h5 56. Rb3 Nd5 57. Ra3 Kf6 58. Ra5 Kf7 59. Ra3 Kg7 60. Ra7+ Kg6 61. Ra3 Kf5 {[%eval -323,41] [%wdl 0,0,1000]}) 39... Kf8 {Wie man bei der obigen Variante sehen kann, war 39...f5 die noch bessere Antwort.} 40. h4 Ke8 $2 {[%mdl 32768] Damit vergibt Schwarz den Sieg.} 41. Rd3 $6 {[%mdl 32768] Diese Ungenauigkeit lässt Schwarz wieder hoffen.} (41. Rd4 f5 42. g4 $1 Kf7 43. gxf5 exf5 44. Rd3 $1 {Nun kann sich Weiss aus der schwarzen Umklammerung lösen.} g6 45. Kg2 {Entfesslung des Springers auf f1.} Rc2 46. Rf3) 41... Ke7 42. g3 e5 $6 {Das bietet keine Gewinnchancen mehr. Schwarz hätte 42...f5 versuchen sollen.} 43. Kg2 Rc2 44. Rf3 g6 $11 {[#]} 45. g4 $2 {[%mdl 2] Weiss stolpert wieder in eine verlorene Stellung. Sowohl mit a) 45.Se3 als auch mit b) 45.h5 war das Endspiel zu halten. Bei korrektem Spiel ändert auch der schwarze Mehrbauer am gleichen Flügel nichts an dieser Beurteilung.} Ra2 $2 {[%mdl 32768] Schwarz packt seine Chance nicht und sollte nun nicht mehr gewinnen können. Für unsere alten Schätze sind jedoch gewinnbringende Varianten nicht berechenbar.} (45... Rc3 46. Ne3 Ke6 47. h5 gxh5 48. Rh3 Nf6 49. gxh5 Rd3 50. Rh4 Rd4 51. Rh3 Rf4 52. Nd1 (52. Rh2 Ng4 53. Nxg4 Rxg4+ 54. Kf1 Rf4 $19) (52. Rh1 Ng4 53. Re1 Nxe3+ 54. Rxe3 Kf5 $19) 52... Nd5 53. Kf1 Kf6 54. Rg3 Rh4 55. Kg1 Kf5 56. Rf3+ Rf4 57. Ra3 Rd4 58. Nb2 Nf4 59. Ra1 Kg4 60. Nd1 Nd5 61. Rc1 Kxh5 $19) 46. Ng3 Nf6 47. g5 hxg5 48. hxg5 Nd5 49. Rb3 Ra4 $15 {Schwarz steht nur leicht besser, so dass ein unentschiedener Ausgang in diesem Endspiel das normale Resultat wäre.} {[#]} 50. Ne2 $2 $19 {[%mdl 2] Ganz schlecht, denn nun kann Schwarz den Übergang zu einem gewonnenen Turmendspiel mit Mehrbauer erzwingen. Mit 50.f3 oder 50.Kh3, beide Fortsetzungen verhindern ...Tg4, kann Weiss erfolgreich Widerstand leisten.} Nf4+ 51. Nxf4 Rxf4 52. Rf3 Ke6 53. Rxf4 exf4 {[#] Schwarz hat ein gewonnenes Bauernendspiel erreicht. Und erstaunlich: Super Forte C führt dieses Endspiel ohne Fehl und Tadel zum Sieg.} 54. Kh3 Ke5 55. Kh4 Kd5 56. Kh3 Kd4 57. Kh4 Ke5 58. Kh3 Kf5 59. Kh4 f3 60. Kg3 Kxg5 61. Kxf3 Kf5 62. Ke3 Kg4 63. Ke2 f5 64. Ke3 f4+ 65. Ke2 Kh3 66. Kf1 Kh2 67. Ke2 Kg2 68. f3 g5 69. Ke1 g4 70. fxg4 f3 71. g5 f2+ 72. Kd2 f1=Q 73. g6 Kf3 74. Kc3 Ke4 75. Kb4 Kd4 76. Kb3 {***AUFGEGEBEN***} 0-1